| 000 | 00491nam a2200205Ia 4500 | ||
|---|---|---|---|
| 003 | OSt | ||
| 005 | 20140318101845.0 | ||
| 008 | 140130s9999 xx 000 0 und d | ||
| 020 | _a9780439651363 | ||
| 050 |
_aPZ 7 _b.K8369Cgt 2005 |
||
| 100 | _aKorman, Gordon | ||
| 245 |
_aChasing the falconers / _cGordon Korman. |
||
| 260 |
_bScholastic, _c2005. _anew York : |
||
| 300 |
_a153 p. : _c18 cm. |
||
| 440 | _v1 | ||
| 521 | _aG4 | ||
| 526 | _c680 | ||
| 942 |
_cBK _2lcc |
||
| 999 |
_c40945 _d40945 |
||